000 00607nam a2200205Ia 4500
003 OSt
005 20251210144209.0
008 220917b |||||||| |||| 00| 0 eng d
020 _a0 207 16925 X (pbk)
037 _cTB
040 _aARTS
_cARTS
_beng
041 _2eng
_aeng
100 _aRoe Jill Ed.
_911936
245 0 _aMy congenials
_b Niles Franklin & friends in lettars
260 _aLondon
_bAngus & Roberson UK
_c1993
300 _axxvii, 384p.
_ccm.
490 _vVol. 1
942 _hO111,3M79w, N3.1-.2
_cTB
_2CC
_n0
999 _c118382
_d118382